000 00569nam a2200205 4500
003 OSt
005 20240620020149.0
006 a
008 240620b |||||||| |||| 00| 0 eng d
020 _a9780753717257
040 _aDWCL-HMN lib.
_cOC
082 _aCirc. 641.813 L926h 2008
100 _aluard, Elisabeth
245 _aHomemade soups : over 150 healthy & delicious recipes /
260 _aLondon :
_bBounty Books,
_cc2008.
300 _b256 p. col. : ill. ;
_c22 cm.
504 _aIncludes index.
650 _a1. Soups.
942 _2ddc
_n0
_cBK-CIRC
_kCirc.
999 _c948
_d948